000 00386nam a2200157Ia 4500
005 20240807062047.0
008 240806s9999||||xx |||||||||||||| ||eng||
041 _aeng
082 _a891.438
_bBAJS
100 _aDr. Harad Pal
245 0 _aHindi kahani parampara aour pragati /
_cDr. Harad Pal
260 _bVani Prakashan New Delhi
300 _a213
650 _aHindi
942 _cBK
999 _c7187
_d7187